000 00390nam a2200169Ia 4500
005 20240628030036.0
008 240331s9999 xx 000 0 und d
020 _a0415122058
082 _a126
_bMCC
100 _aMcculloch, G
245 4 _aThe mnd andits world
260 _aLondon
_bRoutledge
_c1995
300 _axii, 227 p .,
650 _aPhilosophy
650 _ahistory
942 _cL
999 _c708
_d708